Установка и результаты активного теплового контроля коррозии в стальных цилиндрических контейнерах; Дефектоскопия; № 11

Bibliographische Detailangaben
Parent link:Дефектоскопия.— , 1965-
№ 11.— 2013.— [С. 15-20]
Körperschaft: Национальный исследовательский Томский политехнический университет (ТПУ) Институт неразрушающего контроля (ИНК) Кафедра информационно-измерительной техники (ИИТ)
Weitere Verfasser: Вавилов В. П. Владимир Платонович, Нестерук Д. А. Денис Алексеевич, Чулков А. О. Арсений Олегович, Ширяев В. В. Владимир Васильевич
Zusammenfassung:Заглавие с экрана
Описана установка, реализующая принцип активного теплового контроля на базе инфракрасных тепловизоров различного типа и устройств оптического и конвективного нагрева. Основное назначение установки — обнаружение скрытой коррозии в стальных контейнерах толщиной 1—2 мм, предназначенных для временного хранения радиоактивных отходов.
Режим доступа: по договору с организацией-держателем ресурса
Sprache:Russisch
Veröffentlicht: 2013
Schlagworte:
Online-Zugang:http://elibrary.ru/item.asp?id=21196960
Format: MixedMaterials Elektronisch Buchkapitel
KOHA link:https://koha.lib.tpu.ru/cgi-bin/koha/opac-detail.pl?biblionumber=637794

MARC

LEADER 00000naa0a2200000 4500
001 637794
005 20250123131500.0
035 |a (RuTPU)RU\TPU\network\1974 
035 |a RU\TPU\network\1973 
090 |a 637794 
100 |a 20141020d2013 k||y0rusy50 ca 
101 0 |a rus 
102 |a RU 
135 |a drcn ---uucaa 
181 0 |a i  
182 0 |a b 
200 1 |a Установка и результаты активного теплового контроля коррозии в стальных цилиндрических контейнерах  |f В. П. Вавилов [и др.] 
203 |a Текст  |c электронный 
300 |a Заглавие с экрана 
320 |a [Библиогр.: с. 20 (8 назв.)] 
330 |a Описана установка, реализующая принцип активного теплового контроля на базе инфракрасных тепловизоров различного типа и устройств оптического и конвективного нагрева. Основное назначение установки — обнаружение скрытой коррозии в стальных контейнерах толщиной 1—2 мм, предназначенных для временного хранения радиоактивных отходов. 
333 |a Режим доступа: по договору с организацией-держателем ресурса 
461 |t Дефектоскопия  |d 1965- 
463 |t № 11  |v [С. 15-20]  |d 2013 
610 1 |a электронный ресурс 
610 1 |a труды учёных ТПУ 
701 1 |a Вавилов  |b В. П.  |c специалист в области неразрушающего контроля  |c профессор Томского политехнического университета, доктор технических наук  |f 1949-  |g Владимир Платонович  |3 (RuTPU)RU\TPU\pers\19772  |9 7710 
701 1 |a Нестерук  |b Д. А.  |c специалист в области неразрушающего контроля  |c доцент Томского политехнического университета, кандидат технических наук  |f 1979-  |g Денис Алексеевич  |3 (RuTPU)RU\TPU\pers\25092  |9 11198 
701 1 |a Чулков  |b А. О.  |c специалист в области неразрушающего контроля  |c заместитель директора по научно-образовательной деятельности; исполняющий обязанности руководителя; старший научный сотрудник Томского политехнического университета, кандидат технических наук  |f 1989-  |g Арсений Олегович  |3 (RuTPU)RU\TPU\pers\32217  |9 16217 
701 1 |a Ширяев  |b В. В.  |c специалист в области неразрушающего контроля  |c старший научный сотрудник Томского политехнического университета, кандидат технических наук  |f 1948-  |g Владимир Васильевич  |3 (RuTPU)RU\TPU\pers\28002  |9 12991 
712 0 2 |a Национальный исследовательский Томский политехнический университет (ТПУ)  |b Институт неразрушающего контроля (ИНК)  |b Кафедра информационно-измерительной техники (ИИТ)  |3 (RuTPU)RU\TPU\col\18718 
801 2 |a RU  |b 63413507  |c 20150318  |g RCR 
856 4 |u http://elibrary.ru/item.asp?id=21196960 
942 |c CF